Influence of SiO2 micro-particles onto microstructure, mechanical properties and wear resistance of uhmwpe based composite under dry sliding friction; Высокие технологии в современной науке и технике (ВТСНТ-2017)

Bibliografische gegevens
Parent link:Высокие технологии в современной науке и технике (ВТСНТ-2017).— 2017.— [С. 19]
Andere auteurs: Noppanuch Puangmalee, Narongrit Sonjaitham, Setthawit Saengthip, Noppanan mungnuae, Surachade Solklin, Surat Wannasri
Samenvatting:Заглавие с титульного экрана
Taal:Engels
Gepubliceerd in: 2017
Reeks:Технологии материалов новых поколений и наноматериалов
Onderwerpen:
Online toegang:http://earchive.tpu.ru/handle/11683/45467
Formaat: MixedMaterials Elektronisch Hoofdstuk
KOHA link:https://koha.lib.tpu.ru/cgi-bin/koha/opac-detail.pl?biblionumber=625267

MARC

LEADER 00000naa2a2200000 4500
001 625267
005 20231101133344.0
035 |a (RuTPU)RU\TPU\conf\24527 
035 |a RU\TPU\conf\23551 
090 |a 625267 
100 |a 20171208d2017 k y0rusy50 ba 
101 0 |a eng 
102 |a RU 
105 |a y z 101zy 
135 |a drgn ---uucaa 
181 0 |a i  
182 0 |a b 
200 1 |a Influence of SiO2 micro-particles onto microstructure, mechanical properties and wear resistance of uhmwpe based composite under dry sliding friction  |f Noppanuch Puangmalee [et al.] 
203 |a Текст  |c электронный 
225 1 |a Технологии материалов новых поколений и наноматериалов 
230 |a 1 компьютерный файл (pdf; 505 Kb) 
300 |a Заглавие с титульного экрана 
463 1 |0 (RuTPU)RU\TPU\conf\24481  |t Высокие технологии в современной науке и технике (ВТСНТ-2017)  |o сборник научных трудов VI Международной научно-технической конференции молодых ученых, аспирантов и студентов, г. Томск, 27–29 ноября 2017 г.  |f Национальный исследовательский Томский политехнический университет (ТПУ) ; под ред. А. Н. Яковлева  |v [С. 19]  |d 2017 
610 1 |a электронные ресурсы 
610 1 |a UHMWPE 
610 1 |a microstructures 
610 1 |a mechanical properties 
610 1 |a wear resistance 
610 1 |a микрочастицы 
610 1 |a микроструктуры 
610 1 |a износостойкость 
610 1 |a композиты 
701 0 |a Noppanuch Puangmalee 
701 0 |a Narongrit Sonjaitham 
701 0 |a Setthawit Saengthip 
701 0 |a Noppanan mungnuae 
701 0 |a Surachade Solklin 
701 0 |a Surat Wannasri 
801 2 |a RU  |b 63413507  |c 20171220  |g RCR 
856 4 |u http://earchive.tpu.ru/handle/11683/45467 
942 |c BK